[Event "Jakarta Peduli"]
[Site "Jakarta"]
[Date "2020.03.29"]
[Round "5"]
[White "Watman, Wardjowidjaja"]
[Black "Agustina, Surintha Wahyu"]
[Result "1/2-1/2"]
[WhiteElo "1675"]
[BlackElo "2021"]
[PlyCount "123"]
[EventDate "2020.03.28"]
[EventType "tourn"]
[EventRounds "10"]
[EventCountry "INA"]
[SourceTitle "CBM 195 Extra"]
[Source "ChessBase"]
[SourceDate "2020.05.31"]
[SourceVersion "1"]
[SourceVersionDate "2020.05.31"]
[SourceQuality "1"]

1. f4 d5 2. e3 c5 3. Nf3 Nc6 4. Bb5 Bd7 5. 0-0 Nf6 6. b3 a6 7. Be2 Bf5 8. Bb2 d4 9. Nh4 Be4 10. d3 Bd5 11. e4 Be6 12. Nd2 Bd7 13. g4 Qc8 14. h3 h6 15. Bf3 g5 16. Ng2 e5 17. f5 b5 18. a4 Bd6 19. axb5 axb5 20. Rxa8 Qxa8 21. Qa1 Ke7 22. Rb1 Nb4 23. Bd1 Bc6 24. Qxa8 Rxa8 25. Ra1 Rxa1 26. Bxa1 Bc7 27. Kf2 Ba5 28. Nf3 Nd7 29. h4 f6 30. hxg5 hxg5 31. Bb2 Nb6 32. Nge1 c4 33. bxc4 bxc4 34. Ba3 Na4 35. Nd2 Nb6 36. Bf3 Bb5 37. Be2 cxd3 38. Bxd3 Ba4 39. Ke2 Kd7 40. Nb3 Bxb3 41. Bb5+ Kd8 42. cxb3 Na2 43. Bb2 Nc8 44. Nd3 Nd6 45. Bc6 Kc7 46. Ba8 Nb5 47. Kd1 Kb6 48. Kc2 Nc7 49. Bd5 Nxd5 50. exd5 Nb4+ 51. Nxb4 Bxb4 52. Kd3 Kb5 53. Bc1 Kc5 54. Ke4 d3 55. Kxd3 Kxd5 56. Be3 Ba5 57. Ba7 Bc7 58. Ke3 e4 59. Ke2 Be5 60. Bb6 Kc6 61. Ba7 Kd5 62. Bb6 1/2-1/2